| 000 | 00757nam a2200181 i 4500 | ||
|---|---|---|---|
| 001 | 159828 | ||
| 003 | ES-MaACL | ||
| 005 | 20230906211823.0 | ||
| 008 | 990623m18821883fr |||| | fre d | ||
| 040 |
_aCCPB | B _bspa _cCCPB | B |
||
| 100 | 1 |
_aMispoulet, J. B. _9223226 |
|
| 245 | 1 | 4 |
_aLes institutions politiques des romains ou Expose historique des regles de la constitution et de l'administration romaines depuis la fondation de Rome jusqu'au regne de Justinien / _cpar J.-B. Mispoulet. |
| 260 |
_aParis : _bA. Durand et Pedone-Lauriel, editeurs ..., _c1882-1883. |
||
| 300 |
_a2 v. ; _c22 cm. |
||
| 505 | 8 | _aContiene: Tome I. La constitution -- Tome II. L'administration | |
| 852 |
_aES-MaACL _jF-12305-12306 _z-- Enc. pasta |
||
| 999 |
_c159828 _d159828 |
||